Welding Dissimilar Metals
Na minha lista:
| Formato: | Livro |
|---|---|
| Idioma: | inglês |
| Publicado em: |
Cambridge :
The Welding Institute,
1986
|
| Assuntos: | |
| Tags: |
Sem tags, seja o primeiro a adicionar uma tag!
|
MARC
| LEADER | 00000nam a22000003a 4500 | ||
|---|---|---|---|
| 001 | stu44801 | ||
| 005 | 20150408180413.8 | ||
| 008 | 950614s1986----uk------------------eng-d | ||
| 040 | |a STU |b slo | ||
| 041 | 0 | |a eng | |
| 044 | |a uk | ||
| 080 | |a 621.791 | ||
| 245 | |a Welding Dissimilar Metals | ||
| 260 | |a Cambridge : |b The Welding Institute, |c 1986 | ||
| 300 | |a 63 s | ||
| 650 | 7 | |a zváranie |2 stusub | |
| 996 | |b 284M048196 |c M*7572-1 |l MMKN |s A |a 24 |w stu44801_0001 | ||